Competition policy in the Slovak Republic and some current approaches to it

Nové prístupy k politike hospodárskej súťaže Slovenskej republiky z hľadiska súťažného práva. Ako urobiť politiku hospodárskej súťaže efektívnejšie. Zákon o hospodárskej súťaži a porovnanie s európskym právom hospodárskej súťaže.

Uložené v:
Podrobná bibliografia
Hlavný autor: Tokárová, Mária
Médium: Kapitola
Jazyk:English
Predmet:
Tagy: Pridať tag
Žiadne tagy, Buďte prvý, kto otaguje tento záznam!

MARC

LEADER 00000naa$a2200000$$$4500
001 0223613
005 20240502093603.3
041 0 |a eng 
044 |a CZ 
245 1 0 |a Competition policy in the Slovak Republic and some current approaches to it  |c Mária Tokárová 
520 |a Nové prístupy k politike hospodárskej súťaže Slovenskej republiky z hľadiska súťažného práva. Ako urobiť politiku hospodárskej súťaže efektívnejšie. Zákon o hospodárskej súťaži a porovnanie s európskym právom hospodárskej súťaže. 
610 2 0 |a súťaž hospodárska 
610 2 0 |a konkurencia medziodvetvová 
610 2 0 |a politika súťažná 
610 2 0 |a politika protimonopolná 
610 2 0 |a ochrana súťaže hospodárskej 
610 2 0 |a zákony 
100 1 |a Tokárová, Mária